The expansion of elizabethan England
This classic work by Rowse (1903-1997) surveys the political, societal and military affairs of Elizabethan England and argues that it is during this era that England began its expansion and eventual enormous impact on the world. Chapters describe England's relations with the Scottish borders an...
Bewaard in:
| Hoofdauteur: | |
|---|---|
| Formaat: | Boek |
| Taal: | Undetermined |
| Gepubliceerd in: |
New York
Palgrave
2003
|
| Onderwerpen: | |
| Tags: |
Voeg label toe
Geen labels, Wees de eerste die dit record labelt!
|
| Thư viện lưu trữ: | Trung tâm Học liệu Trường Đại học Cần Thơ |
|---|
| LEADER | 01123nam a2200229Ia 4500 | ||
|---|---|---|---|
| 001 | CTU_116539 | ||
| 008 | 210402s9999 xx 000 0 und d | ||
| 020 | |c 381000 | ||
| 082 | |a 942.05 | ||
| 082 | |b R885 | ||
| 100 | |a Rowse, A. L. | ||
| 245 | 4 | |a The expansion of elizabethan England | |
| 245 | 0 | |c A.L. Rowse ; foreword by Michael Portillo | |
| 260 | |a New York | ||
| 260 | |b Palgrave | ||
| 260 | |c 2003 | ||
| 520 | |a This classic work by Rowse (1903-1997) surveys the political, societal and military affairs of Elizabethan England and argues that it is during this era that England began its expansion and eventual enormous impact on the world. Chapters describe England's relations with the Scottish borders and Cornwall, Wales, Ireland, and the Netherlands; ocean voyages, especially along trade routes; American colonization; and struggles with Spain's Armada. | ||
| 650 | |a Great Britain,Great Britain,England | ||
| 650 | |x Foreign relations,Politics and government,Civilization | ||
| 650 | |y 1558-1603,558-1603,16th century | ||
| 904 | |i Hiếu | ||
| 980 | |a Trung tâm Học liệu Trường Đại học Cần Thơ | ||